Ren quan guan nian de yan jin = (Record no. 1607)
[ view plain ]
| 000 -LEADER | |
|---|---|
| fixed length control field | 01912cam a2200469 i 4500 |
| 001 - CONTROL NUMBER | |
| control field | data |
| 005 - DATE AND TIME OF LATEST TRANSACTION | |
| control field | 20260322212108.0 |
| 008 - FIXED-LENGTH DATA ELEMENTS--GENERAL INFORMATION | |
| fixed length control field | data |
| 035 ## - SYSTEM CONTROL NUMBER | |
| System control number | 19134598 |
| 010 ## - LIBRARY OF CONGRESS CONTROL NUMBER | |
| LC control number | 2016376056 |
| 020 ## - INTERNATIONAL STANDARD BOOK NUMBER | |
| International Standard Book Number | 9787560753966 |
| 020 ## - INTERNATIONAL STANDARD BOOK NUMBER | |
| International Standard Book Number | 7560753965 |
| 035 ## - SYSTEM CONTROL NUMBER | |
| System control number | (OCoLC)951604237 |
| 040 ## - CATALOGING SOURCE | |
| Original cataloging agency | DLC |
| Language of cataloging | eng |
| Description conventions | rda |
| Transcribing agency | DLC |
| Modifying agency | DLC |
| 042 ## - AUTHENTICATION CODE | |
| Authentication code | pcc |
| 050 00 - LIBRARY OF CONGRESS CALL NUMBER | |
| Classification number | K3240 |
| Item number | .Q2525 2015 |
| 066 ## - CHARACTER SETS PRESENT | |
| Alternate G0 or G1 character set | $1 |
| 100 1# - MAIN ENTRY--PERSONAL NAME | |
| Linkage | 880-01 |
| Personal name | Qi, Yanping, |
| Relator term | author. |
| 245 10 - TITLE STATEMENT | |
| Linkage | 880-02 |
| Title | Ren quan guan nian de yan jin = |
| Remainder of title | Evolution of the ideology of human rights / |
| Statement of responsibility, etc. | Qi Yanping deng zhu. |
| 246 31 - VARYING FORM OF TITLE | |
| Title proper/short title | Evolution of the ideology of human rights |
| 250 ## - EDITION STATEMENT | |
| Linkage | 880-03 |
| Edition statement | Di 1 ban. |
| 264 #1 - PRODUCTION, PUBLICATION, DISTRIBUTION, MANUFACTURE, AND COPYRIGHT NOTICE | |
| Linkage | 880-04 |
| Place of production, publication, distribution, manufacture | Jinan Shi : |
| Name of producer, publisher, distributor, manufacturer | Shandong da xue chu ban she, |
| Date of production, publication, distribution, manufacture, or copyright notice | 2015. |
| 300 ## - PHYSICAL DESCRIPTION | |
| Extent | 3, 228 pages ; |
| Dimensions | 24 cm |
| 336 ## - CONTENT TYPE | |
| Content type term | text |
| Content type code | txt |
| Source | rdacontent |
| 337 ## - MEDIA TYPE | |
| Media type term | unmediated |
| Media type code | n |
| Source | rdamedia |
| 338 ## - CARRIER TYPE | |
| Carrier type term | volume |
| Carrier type code | nc |
| Source | rdacarrier |
| 500 ## - GENERAL NOTE | |
| Linkage | 880-05 |
| General note | "Si fa bu 2005 nian du fa zhi jian she yu fa xue li lun yan jiu bu ji ke yan xiang mu'ren quan yu ren lei he xie'(pi zhun hao 05SFB3002)." |
| 504 ## - BIBLIOGRAPHY, ETC. NOTE | |
| Bibliography, etc. note | Includes bibliographical references (pages 222-226). |
| 650 #0 - SUBJECT ADDED ENTRY--TOPICAL TERM | |
| Topical term or geographic name entry element | Human rights. |
| 650 #0 - SUBJECT ADDED ENTRY--TOPICAL TERM | |
| Topical term or geographic name entry element | Human rights |
| General subdivision | History. |
| 650 #0 - SUBJECT ADDED ENTRY--TOPICAL TERM | |
| Topical term or geographic name entry element | Human rights |
| General subdivision | Philosophy. |
| 880 1# - ALTERNATE GRAPHIC REPRESENTATION | |
| Linkage | 100-01/$1 |
| a | $1'b}!=2!<c(B, |
| e | author. |
| 880 10 - ALTERNATE GRAPHIC REPRESENTATION | |
| Linkage | 245-02/$1 |
| a | $1!0d'Ep'X2!>'!M"!HR'\3(B = |
| b | Evolution of the ideology of human rights / |
| c | $1'b}!=2!<c!Oz!UN(B. |
| 880 ## - ALTERNATE GRAPHIC REPRESENTATION | |
| Linkage | 250-03/$1 |
| a | $1!Os(B1$1!JH(B. |
| 880 #1 - ALTERNATE GRAPHIC REPRESENTATION | |
| Linkage | 264-04/$1 |
| a | $1'I&!4c!<D(B : |
| b | $1!;e'D&!9%':`!3K!JH!Na(B, |
| c | 2015. |
| 880 ## - ALTERNATE GRAPHIC REPRESENTATION | |
| Linkage | 500-05/$1 |
| a | "$1!5-!G*!\k(B2005$1!<e!<u!G*!G4!=3'XI'T2!G*':`!KH'Y$KN7!ON!\k'Q#!O(KN7'`:!MB(B'$1!0d'Ep'T2!0d'`S!5w'Y)(B'($1!@+'HK'VJ(B 05SFB3002)." |
| 906 ## - LOCAL DATA ELEMENT F, LDF (RLIN) | |
| a | 7 |
| b | cbc |
| c | orignew |
| d | 3 |
| e | ncip |
| f | 20 |
| g | y-nonroman |
| 925 0# - | |
| -- | acquire |
| -- | 1 shelf copy |
| -- | policy default |
| 923 ## - | |
| -- | 20160524 |
| -- | T201600412 |
| -- | CNP |
| 985 ## - | |
| -- | CNP load |
| -- | 2016-06-14 |
| Withdrawn status | Lost status | Damaged status | Not for loan | Home library | Current library | Shelving location | Date acquired | Total checkouts | Full call number | Barcode | Date last seen | Price effective from | Koha item type |
|---|---|---|---|---|---|---|---|---|---|---|---|---|---|
| Liberty | Liberty | General stacks | 22/03/2026 | K3240 | LOC-LPL-00070 | 22/03/2026 | 22/03/2026 | Books |